मरू माणक कुम्भाराम (Record no. 7818)

MARC details
000 -LEADER
fixed length control field 01016 a2200217 4500
005 - DATE AND TIME OF LATEST TRANSACTION
control field 2008091709379.0
008 - FIXED-LENGTH DATA ELEMENTS--GENERAL INFORMATION
fixed length control field 080917t xxu||||| |||| 00| 0 hin d
010 ## - LCCN (DPL NO)
LC control number HIN-81020
020 ## - INTERNATIONAL STANDARD BOOK NUMBER
International Standard Book Number 8189691087
Terms of availability 150.00
035 ## - SYSTEM CONTROL NUMBER
System control number HN-53366
037 ## - SOURCE OF ACQUISITION
Source of stock number/acquisition D.B.Act / pub
082 ## - DEWEY DECIMAL CLASSIFICATION NUMBER
Classification number 921
100 ## - MAIN ENTRY--PERSONAL NAME
Personal name रणवां,मनसुख'मन'
245 ## - TITLE STATEMENT
Title मरू माणक कुम्भाराम
Statement of responsibility, etc मनसुख रणवां 'मन'
246 ## - VARYING FORM OF TITLE
Title proper/short title Maru manak Kumbharam
Remainder of title by Mansukh Ranvan man
260 ## - PUBLICATION, DISTRIBUTION, ETC. (IMPRINT)
Place of publication, distribution, etc जयपुर
Name of publisher, distributor, etc कल्पना पब्लिकेशन
Date of publication, distribution, etc 2006
270 ## - ADDRESS
Address दुकान न.157,दूसरी मंजिल,चंदपोल
City जयपुर
Postal code 01
300 ## - PHYSICAL DESCRIPTION
Extent 120पृ
Other physical details फोटो
Dimensions 22सेमी (सजिल्द)
942 ## - ADDED ENTRY ELEMENTS (KOHA)
Institution code [OBSOLETE] dpl
Item type Hindi Books
Call number prefix 921 /रणवां
Source of classification or shelving scheme Dewey Decimal Classification
Classification part 921
Call number suffix रणवां
Holdings
Withdrawn status Lost status Source of classification or shelving scheme Damaged status Not for loan Home library Current library Date acquired Cost, normal purchase price Total Checkouts Full call number Barcode Date last seen Copy number Cost, replacement price Koha item type
    Dewey Decimal Classification     D.B.Act.Division D.B.Act.Division 17/09/2008 150.00   921 रणवां HN-53366 15/09/2008 1 150.00 Hindi Books

© Delhi Public Library
Hit Counter
free hit counter